000 00312nam a2200133 i 4500
001 bg
100 1 _aNADOLSKI, Julian
245 0 _aProblemy polityki kwadrowej /
_cJulian Nadolski.
260 _aGdaƄski,
_c1975.
040 _cBPK
041 _apol
942 _cKS
008 s pl f |000 0 pol
999 _c18203
_d18203
856 _uhttp://koha.tu.koszalin.pl/cgi-bin/koha/opac-detail.pl?biblionumber=18203
_yKatalog online BPK